| 000 | 00404nam a2200181Ia 4500 | ||
|---|---|---|---|
| 000 | 00746ngmaa2200277 a 4500 | ||
| 003 | RNL | ||
| 006 | g||||fr|||| a0| fz | ||
| 007 | hj bfb|||baap | ||
| 008 | 090707b ii f a fnsan d | ||
| 040 | _aeng | ||
| 100 | _aBedi, Ravinder Kaur | ||
| 245 | _aGuru Mahal Gatha | ||
| 260 | _aDelhi | ||
| 260 | _bNational Book Shop | ||
| 260 | _c2017 | ||
| 942 | _cBK | ||
| 999 |
_c27196 _d27196 |
||